| 000 | 00483nam a2200181Ia 4500 | ||
|---|---|---|---|
| 003 | OSt | ||
| 005 | 20250811092211.0 | ||
| 008 | 250729s2005 xx 000 0 und d | ||
| 040 | _cAL | ||
| 041 | _aeng | ||
| 082 | _a372.25 LOKP | ||
| 100 |
_aಯಾದವಾಡ ಎಸ್ ಬಿ _9221194 |
||
| 245 | _aಭೌತ ವಿಜ್ಞಾನ ಭೋಧನೆ | ||
| 260 |
_aGadaga _bVidya Nidhi Prakashana _c2005 |
||
| 300 | _a315p | ||
| 650 |
_aEducation _9221195 |
||
| 942 |
_2ddc _cBED |
||
| 999 |
_c234898 _d234898 |
||